Some remarks on criteria for the selection of variables in econometric model for mass valuation of real estate
Salvato in:
| Autore principale: | |
|---|---|
| Natura: | Capitolo di libro |
| Lingua: | inglese |
| Soggetti: | |
| Tags: |
Nessun Tag, puoi essere il primo ad aggiungerne!!
|
MARC
| LEADER | 00000naa$a2200000$$$4500 | ||
|---|---|---|---|
| 001 | 0039778 | ||
| 005 | 20221128095531.1 | ||
| 041 | 0 | |a eng | |
| 044 | |a SK | ||
| 245 | 1 | 0 | |a Some remarks on criteria for the selection of variables in econometric model for mass valuation of real estate |c Aleksander Zeliaś |
| 610 | 2 | 0 | |a modely ekonometrické |
| 610 | 2 | 0 | |a nehnuteľnosti |
| 610 | 2 | 0 | |a hodnota trhová |
| 610 | 2 | 0 | |a metódy |
| 610 | 2 | 0 | |a hodnota nehnuteľností |
| 100 | 1 | |a Zeliaś, Aleksander | |